Алтарь Эдема: пер. с англ.

Бібліографічні деталі
Автор: Роллинс Дж. Джеймс
Мова:Російська
Опубліковано: Москва, Эксмо, 2011
Серія:Книга-загадка, книга-бестселлер
Предмети:
Формат: Книга
KOHA link:https://koha.lib.tpu.ru/cgi-bin/koha/opac-detail.pl?biblionumber=223464

MARC

LEADER 00000nam0a2200000 4500
001 223464
005 20231031200224.0
010 |a 9785699488407 
035 |a (RuTPU)RU\TPU\book\243714 
090 |a 223464 
100 |a 20121011d2011 m y0rusy50 ca 
101 1 |a rus  |c eng 
102 |a RU 
105 |a y z 000ay 
200 1 |a Алтарь Эдема  |e пер. с англ.  |f Дж. Роллинс 
210 |a Москва  |c Эксмо  |a СПб.  |c Домино  |d 2011 
215 |a 416 с. 
225 1 |a Книга-загадка, книга-бестселлер 
610 1 |a американская литература 
610 1 |a фантастика 
610 1 |a фантастические романы 
610 1 |a загадки 
675 |a 82  |v 3 
700 1 |a Роллинс  |b Дж.  |g Джеймс 
801 1 |a RU  |b 63413507  |c 20121011 
801 2 |a RU  |b 63413507  |c 20121016  |g RCR 
942 |c BK